00433nam a2200121 i 4500001000300000245012100003260002100124040000800145041000800153080001100161008004100172856009800213bg 0aAwarie i katastrofy budowlane w budownictwie powszechnym :bmateriały z sympozjum naukowego, Szczecin, luty 1974 r. aSzczecin,c1976. cBPK apol a69:624 s pl f |000 0 pol  uhttp://koha.tu.koszalin.pl/cgi-bin/koha/opac-detail.pl?biblionumber=27566yKatalog online BPK